1689 1497 1477 1517 1717 1999 1371 1692 1450 1859 1409 1157 1776 1304 1432 1016 1439 1753 1926 1489 1033 1651 1910 1373 1533 1726 1552 1947 1596 1025 1255 1149 1555 1610 1171 1123 1586 1610 1118 1856 1215 1593 1465 1094 1790 1089 1162 1738 1140 1198 1447 1516 1096 1530 1109 1865 1967 1091 1997 1493 1306 1830 1821 1186 1917 1273 1706 1397 1916 1016 1312 1349 1338 1711 1627 1120 1786 1402 1518 1568 1974 1798 1630 1482 1121 1570 1379 1713 1360 1051 1627 1922 1122 1018 1913 1073 1427 1566 1066 BCNSPRNW ULIB Ver.6.0+V

เปลี่ยนเป็นภาษาไทย

Change to English
 แสดงรายละเอียดบรรณานุกรม
  กลับหน้าหลัก

Brief Record : Get Marc (ISO 2709) : E-mail record : QR code < ปิดหน้าต่าง
LEADER : 00000nam 2200000uu 4500
001    13399109951
003     ULIB
008    110419s2543||||th 000 0 tha d
020    9747449412
060 04 WS350^bส271ร 2543
100 0  สมภพ เรืองตระกูล
245 10 โรคทางจิตเวชในเด็กและวัยรุ่น /^cสมภพ เรืองตระกูล
250    พิมพ์ครั้งที่ 1
260    กรุงเทพฯ :^bคณะแพทยศาสตร์ศิริราชพยาบาล มหาวิทยาลัยมหิดล,^c2543
300    [11], 227 หน้า ;^c21 ซม.
440  0 หนังสือชุดเรียนรู้เพื่อชีวิตเพื่อครอบครัวและสังคม ;^vชุดที่ 3
650  7 จิตเวชศาสตร์เด็ก
650  7 จิตเวชศาสตร์วัยรุ่น
653    ผลงานอาจารย์คณะแพทยศาสตร์ศิริราชพยาบาล
710 2  มหาวิทยาลัยมหิดล. ^bคณะแพทยศาสตร์ศิริราชพยาบาล
945    ^p180^l0^i017590
945    ^p180^l0^i017589
945    ^p180^l0^i017588
945    ^p180^l0^i016429
945    ^p180^l0^i016427
945    ^p180^l0^i013904
945    ^p180^l0^i013903
945    ^p180^l0^i021707
945    ^p180^l0^i016428
995    เกษร
999 ^a ใช้งานได้ทุกระบบ
รายการนี้ยังไม่มีแท็ก
คุณยังไม่ได้ล็อกอิน คุณสามารถมีกิจกรรมร่วมกับเว็บไซต์ได้ แต่ต้องล็อกอินก่อน ::
  ล็อกอิน

รายการสื่อสารสนเทศ

ลำดับที่ ประเภท เลขเรียก/บาร์โค้ด สถานที่ สถานะ
- ไม่พบข้อมูล -

รายการใกล้เคียง
    ผู้แต่ง [สมภพ เรืองตระกูล]

    หัวเรื่อง [จิตเวชศาสตร์เด็ก]
    หัวเรื่อง [จิตเวชศาสตร์วัยรุ่น]

BibComment


ยังไม่เคยถูกคอมเมนท์

คอมเมนท์ทรัพยากรรายการนี้
  คอมเมนท์: โรคทางจิตเวชในเด็..


 Copyright 2026. Bcnsprnw @Library